Представление документа в формате RUSMARC

ПолеНазваниеЗначение
  Тип записи a
  Библиографический уровень m
001 Контрольный номер UONB/MAIN/8575b39e78564258b8de7194e12ae2e9
005 Дата корректировки 20260513110219.2
010 Индекс ISBN __
b Уточнения в пер.
100 Данные общей обработки __
a Данные общей обработки 20260513d2025 u y0rusy0189 ca
101 Язык документа 0_
a Язык текста rus
102 Страна публикации __
a Страна публикации RU
105 Кодированные данные (монография) __
a Кодированные данные (монография) a z 000ay
200 Заглавие и сведения об ответственности 1_
a Заглавие Т. 3
210 Выходные данные 1_
d Дата издания 2025
215 Физическое описание __
a Объем 362 с.
c Иллюстрации/тип воспроизводства ил.
300 Общие примечания __
a Общие примечания 18+
316 Примечания об особенностях экземпляра __
x Типология владельческих признаков Дарственная надпись
x Типология владельческих признаков Автограф
9 Инвентарный номер 1164164
461 Уровень набора _0
1 2001
a Остаться и жить...
f А. Г. Твердохлебов
v Т. 3
1 2101
a Кузоватово
c ИП Кошмин А.С.
d 2019 -
1 001RU/УОНБ/EK/648320910
606 Тематические рубрики 0_
a Основная рубрика Проза (х. л.)
610 Ключевые слова 0_
a Ключевые слова проза русская
686 Индексы других классификаций __
a Классификационный индекс 84Р2-4
2 Код системы rubbk
801 Источник записи _0
a Страна RU
b Организация Ульяновская ОНБ
c Дата составления 20260513
g Правила каталогизации RCR
801 Источник записи _1
a Страна RU
b Организация Ульяновская ОНБ
c Дата составления 20260513
g Правила каталогизации RCR
900 Электронные ресурсы __
a Имя электронного ресурса ск20250136
900 Электронные ресурсы __
a Имя электронного ресурса ск20250137
901 Тип документа __
t Тип документа n
w Контрольный № источника RU/УОНБ/EK/648320910
909 Создатель записи __
a Создатель записи Макушик
b Дата создания записи 20260513
935 Информация о редкой книге __
a Статус редкой книги РК